Top 100 Baby Girl Names in Sweden (2014) - Alphabetical - Statistics

General Stats
  • This quiz has been taken 355 times
  • The average score is 41 of 101
Answer Stats
Answer % Correct
100 A Anna
86%
23 E Emma
85%
11 E Ella
83%
6 O Olivia
81%
95 A Amelia
80%
26 E Emilia
80%
35 S Sara
80%
56 H Hanna
79%
2 A Alice
78%
19 I Isabelle
75%
41 E Elin
72%
20 E Ellen
72%
89 M Maria
71%
35 S Sofia
69%
1 E Elsa
67%
89 L Lisa
66%
60 E Emelie
65%
7 J Julia
63%
47 N Nora
63%
98 V Victoria
63%
33 L Leah
60%
62 L Leia
60%
45 I Isabella
59%
100 E Elisa
55%
3 M Maja
55%
44 M Meja
55%
16 A Alicia
54%
40 A Amanda
54%
58 I Iris
52%
13 K Klara
52%
5 L Lilly
52%
18 A Alma
50%
41 I Ida
50%
37 E Elise
49%
22 E Ellie
49%
15 F Freja
49%
32 E Ester
47%
27 V Vera
47%
82 L Linn
44%
10 M Molly
44%
59 T Thea
43%
91 E Elina
42%
64 I Ingrid
42%
14 S Stella
42%
12 W Wilma
42%
23 A Astrid
41%
99 L Luna
40%
49 M Matilda
39%
51 E Edith
37%
79 E Ellinor
37%
4 A Agnes
36%
17 A Alva
36%
8 E Ebba
36%
68 G Greta
36%
9 L Linnea
36%
86 R Rut
36%
67 N Nathalie
35%
97 N Nicole
35%
76 H Hilda
34%
61 M Melissa
34%
54 L Liv
33%
84 M My
33%
25 N Nellie
33%
30 N Nova
31%
74 M Märta
30%
85 M Mira
30%
92 M Minna
29%
96 S Sally
28%
34 F Felicia
27%
72 E Emmy
26%
65 L Livia
26%
21 S Saga
26%
74 T Tilda
25%
31 S Selma
24%
38 I Ines
23%
92 L Lovis
23%
55 L Lova
22%
52 L Lovisa
22%
43 M Moa
22%
29 E Elvira
21%
46 T Tuva
21%
66 J Jasmine
20%
50 S Sigrid
20%
68 S Stina
20%
78 C Celine
19%
87 R Ronja
19%
48 S Siri
19%
88 H Hilma
17%
28 S Signe
17%
71 F Filippa
16%
94 H Hedda
16%
53 J Juni
16%
57 T Tilde
16%
62 C Cornelia
14%
72 S Svea
14%
83 T Tindra
13%
39 T Tyra
13%
77 M Majken
11%
70 J Joline
10%
79 L Lykke
8%
79 N Novalie
8%
No matching quizzes found
Score Distribution
Percent of People with Each Score
Percentile by Number Answered
Your Score History
You have not taken this quiz